000 00450nam a2200157Ia 4500
003 GCL
005 20240530102103.0
008 140319s9999 xx 000 0 ara d
040 _aGCL /
_cGCL
082 0 4 _a811.9
_bم ب
100 0 _aمحمد ابراهيم ابو سنة
245 1 0 _aالبحر موعدنا
_cمحمد ابراهيم ابو سنة
260 _a[S.N] :
_bمكتبة مدبولى ،
_c1982
300 _a133 ص
942 _2ddc
_cBK
999 _c29722
_d29722